San Francisco, el del violín /
Guardado en:
| Autor Principal: | |
|---|---|
| Otros Autores: | |
| Formato: | Libro |
| Idioma: | Undetermined |
| Publicado: |
Buenos Aires :
Sudamericana,
1999.
|
| Edición: | 2a ed. |
| Series: | Cuentamérica
|
| Materias: | |
| Etiquetas: |
Agregar Etiqueta
Sin Etiquetas, Sea el primero en etiquetar este registro!
|
| LEADER | 00914nam a22002175a 4500 | ||
|---|---|---|---|
| 001 | CEM.cems021278 | ||
| 008 | 240704s1999####ag############000#0#und#d | ||
| 005 | 20240704171609.0 | ||
| 245 | 1 | 0 | |a San Francisco, el del violín / |c Graciela Cabal ; ilustrado por Pez. |
| 250 | |a 2a ed. | ||
| 260 | |a Buenos Aires : |b Sudamericana, |c 1999. | ||
| 300 | |a 64 p. | ||
| 490 | 1 | |a Cuentamérica | |
| 505 | 0 | |a Para acercarnos -- La Virgen, el Niño, la vieja (... y el burrito) -- La Virgen de Itatí -- Cartas a María -- San Francisco, el del violín -- ¡Pobre San Pedro! -- El Gaucho Cubillas -- Los cuentos que ruedan de boca en boca -- Sobre estas historias | |
| 020 | |a 9500713063 | ||
| 100 | 1 | |a Cabal, Graciela. | |
| 700 | 1 | |a Pez; il. | |
| 653 | |a Mitos | ||
| 653 | |a Leyendas | ||
| 859 | |a CEMS |b BIB. CEMS - Inicial y Primaria |h 398.2 |i C112 |k IP |p 2221 |t Ej.1 | ||
| 859 | |a CEMS |b BIB. CEMS - Inicial y Primaria |h 398.2 |i C112 |k IP |p 2222 |t Ej.2 | ||
